000 00928nam a2200241Ia 4500
001 690
003 GE_BSU
008 181216s||||||||xx |||||||||||||| ||und||
020 _a9992806109
040 _cGE_BSU
080 _a39
100 _aმელიქიშვილი ლია; ხარშილაძე მაკა.
245 _aმეცნიერები ლატენტური კონფლიქტის ზონაში
245 _b(საველე მუშაობის მეთოდი)
245 _cივ.ჯავახიშვილის სახ.ისტორიისა ეთნოლოგიის ინ–ტი
260 _aთბილისი
260 _c2003
300 _a115გვ.
541 _h4ლ.
653 _aკონფლიქტები
653 _aკონფლიქტების სოციოლოგია;
942 _cBK
999 _c34871
_d34871